[Event "Indywidualne Mistrzostwa Polski Juniorow Mlodszych do 14 lat OOM Podlaskie 2015 "]
[Site "Suwalki"]
[Date "1899-12-30"]
[Round "3.2"]
[White "Kaminski, Maciej"]
[Black "Chylewski, Patryk"]
[Result "0-1"]
[WhiteTitle "II+"]
[BlackTitle "I++"]
[WhiteElo "1600"]
[BlackElo "2036"]

1. d4 Nf6 2. c4 g6 3. Nc3 d5 4. Nf3 Bg7 5. Qa4+ Bd7 6. Qb3 dxc4 7. Qxc4 O-O 8.
e4 Nc6 9. Bf4 Nh5 10. Be3 e5 11. Be2 exd4 12. Nxd4 Nxd4 13. Bxd4 Be6 14. Nd5 c6
15. Bxg7 Nxg7 16. Rd1 cxd5 17. exd5 Bf5 18. O-O Qd6 19. Bf3 Rac8 20. Qb5 a6 21.
Qxb7 Rc7 22. Qxc7 Qxc7 23. Rc1 Qe5 24. Rc6 Bd3 25. Rfc1 Bb5 26. Rb6 Re8 27. h3
Rb8 28. Rxb8+ Qxb8 29. Bg4 Ne8 30. b3 Qd6 31. a4 Bd7 32. Bxd7 Qxd7 0-1

[Event "Indywidualne Mistrzostwa Polski Juniorow Mlodszych do 14 lat OOM Podlaskie 2015 "]
[Site "Suwalki"]
[Date "1899-12-30"]
[Round "3.3"]
[White "Nowak, Mikolaj"]
[Black "Wyczling, Bartosz"]
[Result "0-1"]
[WhiteTitle "I"]
[BlackTitle "I"]
[WhiteElo "1939"]
[BlackElo "1926"]

1. f4 d5 2. Nf3 Bg4 3. g3 Bxf3 4. exf3 Nd7 5. Bg2 e6 6. d4 Bd6 7. Be3 Ne7 8. O-O
O-O 9. c3 Nf5 10. Bf2 c5 11. Qe2 Re8 12. Nd2 Qb6 13. Rfb1 cxd4 14. cxd4 Rac8 15.
Qd3 Rc7 16. Bh3 g6 17. g4 Ng7 18. f5 Bf4 19. fxg6 hxg6 20. Bf1 Rec8 21. Nb3 Qd6
22. Be2 b6 23. Kg2 e5 24. Bg3 Ne6 25. Re1 Rc2 26. Rab1 a5 27. Red1 a4 28. Na1
R2c7 29. dxe5 Qxe5 30. Re1 Ndc5 31. Qb5 Bxg3 32. hxg3 Nd4 33. Bf1 Qxe1 34. Rxe1
Nxb5 35. Bxb5 Ne6 36. Bxa4 Rc1 37. Rxc1 Rxc1 38. Nc2 Rb1 39. b4 Rb2 40. Bb3 Nd4
41. Ba4 Ne6 0-1

[Event "Indywidualne Mistrzostwa Polski Juniorow Mlodszych do 14 lat OOM Podlaskie 2015 "]
[Site "Suwalki"]
[Date "1899-12-30"]
[Round "3.4"]
[White "Psyk, Radoslaw"]
[Black "Pytel, Maciej"]
[Result "1-0"]
[WhiteTitle "k"]
[BlackTitle "I"]
[WhiteElo "2230"]
[BlackElo "1821"]

1. e4 a6 2. g3 b5 3. Bg2 Bb7 4. Ne2 c5 5. O-O Nf6 6. d3 g6 7. e5 Bxg2 8. Kxg2 Nd5
9. c4 Nb6 10. cxb5 axb5 11. Nbc3 b4 12. Ne4 Qc7 13. Bf4 Qc6 14. Rc1 Na6 15. f3
Bg7 16. Nxc5 Nxc5 17. d4 Ra5 18. dxc5 Rxc5 19. Qd2 Rxc1 20. Rxc1 Qb5 21. Nd4 Qa5
22. Nb3 Qxa2 23. Qxb4 Qxb2+ 24. Kg1 O-O 25. Qxb6 Bxe5 26. Bxe5 Qxe5 27. Qd4 Qb5
28. Nd2 d6 29. Re1 Qb7 30. Qe3 e6 31. Ne4 Qb4 32. Kg2 Kg7 33. Qc3+ Qxc3 34. Nxc3
d5 35. Rd1 Rc8 36. Rd3 f5 37. f4 Kf6 38. Kf3 h6 39. Ne2 Rc6 40. Nd4 Ra6 41. Rc3
e5 42. Rc6+ Rxc6 43. fxe5+ Kxe5 44. Nxc6+ Kf6 45. Ke3 g5 46. Kd4 h5 47. Kxd5 g4
48. Kd4 h4 49. Ke3 Kg5 50. Ne5 hxg3 51. hxg3 1-0

[Event "Indywidualne Mistrzostwa Polski Juniorow Mlodszych do 14 lat OOM Podlaskie 2015 "]
[Site "Suwalki"]
[Date "1899-12-30"]
[Round "3.5"]
[White "Woloch, Oskar"]
[Black "Pacan-milej, Kosma"]
[Result "1-0"]
[WhiteTitle "k"]
[BlackTitle "I"]
[WhiteElo "2110"]
[BlackElo "1842"]

1. d4 d5 2. c3 Nf6 3. Nf3 c6 4. Bg5 Ne4 5. Bf4 e6 6. Nbd2 Bd6 7. Bxd6 Nxd6 8. e3
O-O 9. Bd3 Nd7 10. O-O Qf6 11. e4 dxe4 12. Nxe4 Nxe4 13. Bxe4 e5 14. Qc2 h6 15.
d5 cxd5 16. Bxd5 Re8 17. Rfe1 Nb6 18. Be4 Re7 19. Rad1 Bg4 20. b3 Rae8 21. c4
Rc7 22. h3 Bh5 23. Rd2 Nd7 24. Rd5 Kh8 25. Qc3 Bxf3 26. Qxf3 Qxf3 27. Bxf3 g6
28. h4 Kg7 29. h5 Re7 30. hxg6 Kxg6 31. g4 f6 32. Be4+ Kg7 33. Bf5 Nf8 34. Rd6
Rc6 35. Rxc6 bxc6 36. Rd1 Rc7 37. Kg2 h5 38. gxh5 Kh6 39. Kf3 Kxh5 40. Rh1+ Kg5
41. Ke4 Nd7 42. b4 Nb6 43. Be6 Nc8 44. Rg1+ Kh6 45. Kf5 Nd6+ 46. Kxf6 Ne4+ 47.
Kxe5 Nxf2 48. Bf5 Re7+ 49. Kf6 Re2 50. Rg8 1-0

[Event "Indywidualne Mistrzostwa Polski Juniorow Mlodszych do 14 lat OOM Podlaskie 2015 "]
[Site "Suwalki"]
[Date "1899-12-30"]
[Round "3.6"]
[White "Lukasiewicz, Krzysztof"]
[Black "Kubiak, Jakub"]
[Result "1/2-1/2"]
[WhiteTitle "I++"]
[BlackTitle "I"]
[WhiteElo "2079"]
[BlackElo "1753"]

1. e4 c5 2. Nf3 d6 3. d4 cxd4 4. Nxd4 Nf6 5. Nc3 a6 6. Be3 e5 7. Nf3 Be7 8. Bc4
O-O 9. O-O Bg4 10. h3 Bh5 11. a4 Nbd7 12. Be2 Bg6 13. Nd2 Qc7 14. Bd3 Rac8 15.
a5 Nc5 16. Qe2 Ne6 17. Nd5 Nxd5 18. exd5 Bxd3 19. Qxd3 Nc5 20. Qe2 f5 21. f4 Bf6
22. c3 e4 23. g4 g6 24. gxf5 gxf5 25. Qh5 Bg7 26. Kh1 Qf7 27. Qxf7+ Kxf7 28. Nc4
Ke7 29. Rg1 Bf6 30. Bxc5 Rxc5 31. Ne3 Kd7 32. Ra4 Rb5 33. Nc4 Ke7 34. Ne3 Kd7
35. Nxf5 Rxb2 36. Rxe4 Bxc3 37. Nd4 Bxd4 38. Rxd4 Rf7 39. Rg2 Rb5 40. Ra2 Rf5
41. Rg2 Rbxd5 42. Rg7+ Kc6 43. Rxd5 Rxd5 44. Rxh7 Rf5 45. Rh4 Rxa5 46. Kg2 Rf5
47. Kf3 a5 48. Ke4 1/2-1/2

[Event "Indywidualne Mistrzostwa Polski Juniorow Mlodszych do 14 lat OOM Podlaskie 2015 "]
[Site "Suwalki"]
[Date "1899-12-30"]
[Round "3.7"]
[White "Sernecki, Franciszek"]
[Black "Ulatowski, Jakub"]
[Result "0-1"]
[WhiteTitle "I"]
[BlackTitle "II"]
[WhiteElo "1998"]
[BlackElo "1511"]

1. d4 d5 2. Nf3 Bf5 3. c4 e6 4. Qb3 Nc6 5. c5 Rb8 6. Qa4 Nf6 7. e3 Be7 8. Bb5 O-O
9. Bxc6 bxc6 10. Ne5 Bxb1 11. Nxc6 Qd7 12. Nxe7+ Qxe7 13. Rxb1 e5 14. O-O e4 15.
b4 h5 16. b5 Qd7 17. c6 Qc8 18. Ba3 Re8 19. Qxa7 h4 20. h3 g5 21. Kh2 Re6 22.
Qa4 Ne8 23. Qc2 f5 24. Bc5 Rg6 25. Rg1 Qe6 26. a4 g4 27. a5 g3+ 28. Kh1 f4 29.
exf4 Nf6 30. Ba7 Nh5 31. Bxb8 Nxf4 32. a6 Nxh3 33. a7 Nxf2+ 34. Qxf2 gxf2 35.
a8=Q fxg1=Q+ 36. Rxg1 h3 37. Bxc7+ Kh7 38. Qa3 e3 39. Bh2 Qe4 40. Qa7+ Kh6 41.
Bf4+ Qxf4 42. Qa2 Qf2 43. Qxf2 exf2 44. c7 hxg2+ 45. Kh2 f1=Q 46. c8=Q Qf4+ 47.
Kh3 Qg3# 0-1

[Event "Indywidualne Mistrzostwa Polski Juniorow Mlodszych do 14 lat OOM Podlaskie 2015 "]
[Site "Suwalki"]
[Date "1899-12-30"]
[Round "3.8"]
[White "Lis, Mateusz"]
[Black "Godzwon, Iwo"]
[Result "1-0"]
[WhiteTitle "I"]
[BlackTitle "I"]
[WhiteElo "1926"]
[BlackElo "1801"]

1. e4 c5 2. Nf3 e6 3. d4 cxd4 4. Nxd4 Nf6 5. Bd3 a6 6. O-O Nc6 7. Be3 d5 8. exd5
Nxd5 9. Nxc6 bxc6 10. Be4 Qc7 11. Qf3 Bb7 12. Re1 Be7 13. Bd4 Nf6 14. Be5 Qb6
15. Bd3 c5 16. Qh3 Qc6 17. c4 h6 18. f3 O-O 19. Nc3 Rad8 20. Bc2 Ne8 21. Qg3 Bd6
22. Ne4 Bxe5 23. Qxe5 Nd6 24. b3 Nxe4 25. Bxe4 Qc8 26. Bxb7 Qxb7 1-0

[Event "Indywidualne Mistrzostwa Polski Juniorow Mlodszych do 14 lat OOM Podlaskie 2015 "]
[Site "Suwalki"]
[Date "1899-12-30"]
[Round "3.9"]
[White "Leskiewicz, Ignacy"]
[Black "Gumularz, Szymon"]
[Result "0-1"]
[WhiteTitle "I"]
[BlackTitle "I++"]
[WhiteElo "1692"]
[BlackElo "2305"]

1. e4 c5 2. Nf3 e6 3. d4 cxd4 4. Nxd4 Nc6 5. Nc3 Qc7 6. Be3 Nf6 7. Qd2 Nxd4 8.
Bxd4 e5 9. Be3 Bb4 10. f3 d6 11. O-O-O Be6 12. a3 Bxc3 13. Qxc3 Qxc3 14. bxc3
Ke7 15. Bb5 a6 16. Ba4 Rac8 17. Kb2 b5 18. Bb3 h6 19. Rhe1 Bc4 20. Bb6 Ke6 21.
g3 g5 22. f4 gxf4 23. gxf4 Rhg8 24. fxe5 dxe5 25. Rd2 Rg4 26. Rde2 Ke7 27. Re3
Rg2 28. h3 Bxb3 29. Kxb3 Rc4 30. Rd1 Nxe4 31. Bd4 Nc5+ 32. Kb2 Na4+ 33. Kb3 f6
34. Ba7 Rc7 35. Red3 Rxa7 0-1

[Event "Indywidualne Mistrzostwa Polski Juniorow Mlodszych do 14 lat OOM Podlaskie 2015 "]
[Site "Suwalki"]
[Date "1899-12-30"]
[Round "3.10"]
[White "Brozyna, Mateusz"]
[Black "Kowalski, Igor"]
[Result "0-1"]
[WhiteTitle "II"]
[BlackTitle "k"]
[WhiteElo "1641"]
[BlackElo "2084"]

1. e4 e6 2. d4 d5 3. Nc3 Bb4 4. e5 Ne7 5. Bd2 b6 6. a3 Bxc3 7. Bxc3 Ba6 8. Bxa6
Nxa6 9. Nf3 c5 10. O-O O-O 11. b4 cxb4 12. axb4 Nc7 13. Qd3 Qd7 14. Ng5 Ng6 15.
h4 Qb5 16. Qg3 h6 17. Nf3 Qe2 18. Bd2 Ne7 19. Qf4 Nb5 20. g4 Ng6 21. Qe3 Qxe3
22. Bxe3 Rfc8 23. Rfc1 Rc4 24. h5 Ne7 25. Bd2 Nxd4 26. Nxd4 Rxd4 27. Rd1 Rxg4+
28. Kf1 Rh4 29. b5 Nf5 0-1

[Event "Indywidualne Mistrzostwa Polski Juniorow Mlodszych do 14 lat OOM Podlaskie 2015 "]
[Site "Suwalki"]
[Date "1899-12-30"]
[Round "3.11"]
[White "Modlich, Piotr"]
[Black "Garbowski, Jakub"]
[Result "0-1"]
[WhiteTitle "II+"]
[BlackTitle "I+"]
[WhiteElo "1665"]
[BlackElo "1964"]

1. e4 c5 2. Nf3 e6 3. d4 cxd4 4. Nxd4 Nf6 5. Bd3 a6 6. O-O Qc7 7. c4 Be7 8. Nc3
d6 9. Be3 O-O 10. Kh1 b6 11. f4 Bb7 12. Rc1 Nbd7 13. Qf3 Rac8 14. b4 Qb8 15. Nb3
Qa8 16. Bd4 Rfe8 17. Nd2 Bf8 18. Na4 Rc6 19. Qe2 e5 20. fxe5 dxe5 21. Bc3 Rd6
22. Bb2 a5 23. c5 bxc5 24. bxc5 Rc6 25. Bb5 Ba6 26. Bxa6 Rxa6 27. Qc4 Rc6 28.
Nb3 Rec8 29. Ba3 Qa7 30. Rf3 Qc7 31. h3 h6 32. Rd3 Nh5 33. Qb5 Nf4 34. Re3 Rg6
35. Rc2 Nf6 36. Qxa5 Qd7 37. Nb6 Qd1+ 38. Qe1 Qxc2 39. Rg3 Rd8 40. Qc3 Rd1+ 41.
Kh2 Qxg2+ 42. Rxg2 Rxg2# 0-1

[Event "Indywidualne Mistrzostwa Polski Juniorow Mlodszych do 14 lat OOM Podlaskie 2015 "]
[Site "Suwalki"]
[Date "1899-12-30"]
[Round "3.12"]
[White "Ochowicz, Jakub"]
[Black "Wierzbicki, Michal"]
[Result "0-1"]
[WhiteTitle "I"]
[BlackTitle "I"]
[WhiteElo "1927"]
[BlackElo "1687"]

1. e4 e6 2. d4 d5 3. e5 c5 4. c3 Nc6 5. Nf3 Bd7 6. a3 c4 7. g3 Na5 8. Nbd2 Bc6
9. Bh3 Qd7 10. O-O Ba4 11. Qe2 O-O-O 12. Ne1 h5 13. f4 g6 14. Ndf3 Nh6 15. Ng2
Be7 16. Be3 Rdg8 17. Rae1 Kb8 18. Bc1 Qd8 19. Ne3 Nf5 20. Bxf5 gxf5 21. Kf2 h4
22. Rg1 hxg3+ 23. hxg3 Rg7 24. Rh1 Qg8 25. Rxh8 Qxh8 26. Rg1 Nc6 27. Qf1 Bd8 28.
Ng5 Bxg5 29. fxg5 Ne7 30. Ke1 Qh5 31. Bd2 Rh7 32. Qe2 Qxe2+ 33. Kxe2 Kc7 34. g4
Rh2+ 35. Ke1 Rh7 36. gxf5 exf5 37. Rf1 Bd7 38. Kd1 a5 39. Kc2 a4 40. Ng2 Ng6 41.
Bf4 Be6 42. Ne3 Rh5 43. Kd2 Kd7 44. Ke2 Rh3 45. Ng2 Rh5 46. Kf2 Rh3 47. Ke2 Rh5
48. Kf2 Rh3 49. Ke1 Rh5 50. Bd2 Rh2 51. Bf4 Rxg2 0-1

[Event "Indywidualne Mistrzostwa Polski Juniorow Mlodszych do 14 lat OOM Podlaskie 2015 "]
[Site "Suwalki"]
[Date "1899-12-30"]
[Round "3.13"]
[White "Modlich, Kacper"]
[Black "Kokoszczynski, Jan"]
[Result "0-1"]
[WhiteTitle "II+"]
[BlackTitle "I+"]
[WhiteElo "1626"]
[BlackElo "1906"]

1. e4 e6 2. d4 d5 3. Nc3 Bb4 4. e5 c5 5. a3 Bxc3+ 6. bxc3 Qa5 7. Bd2 Qa4 8. h4
Ne7 9. Nf3 c4 10. h5 h6 11. Be2 Nbc6 12. O-O Bd7 13. Qc1 O-O-O 14. Qb2 Rdf8 15.
Nh4 g5 16. Nf3 f5 17. exf6 Rxf6 18. Ne5 Nxe5 19. dxe5 Rf7 20. Be3 Nf5 21. Bd4
Be8 22. Rab1 Bc6 23. Bg4 Ng7 24. Qb4 Qxb4 25. axb4 a6 26. Be3 Rhf8 27. Bc5 Rg8
28. Be3 Nf5 29. Bxf5 exf5 30. Bd4 Kd7 31. f3 f4 32. Kf2 Ke6 33. Rbe1 Rf5 34. Rh1
g4 35. Rh4 g3+ 36. Ke2 Be8 37. Reh1 Rgg5 38. Kd2 Rxh5 39. Rxh5 Rxh5 40. Rxh5 Bxh5
41. Ke2 Bg6 42. Kd2 h5 43. Kd1 Bf5 44. Kd2 h4 45. Bb6 h3 46. gxh3 Bxh3 47. Bd4
Kd7 48. Ke1 Bf5 49. Kd2 Kc6 50. Ke2 Kd7 51. Kd2 Ke6 52. Bb6 Bg6 53. Bc7 Be8 54.
Ke2 Ba4 55. Kd2 Bb5 56. Ke1 Bc6 57. Ke2 Be8 58. Kd2 Bh5 59. Ke2 Bg6 60. Kd2 g2
61. Bb6 Kxe5 62. Ke2 Bh5 63. Bg1 Bg6 64. Kf2 d4 65. cxd4+ Kxd4 66. Kxg2+ Kc3 67.
Bh2 Kxb4 68. Bxf4 Bxc2 69. Bd6+ Kb3 70. Kf2 a5 71. Ke2 a4 72. Kd2 Bf5 73. Be5
b5 74. Ba1 b4 75. Kc1 a3 76. f4 Ka2 77. Be5 b3 78. Bc3 b2+ 79. Bxb2 axb2+ 80.
Kd2 b1=Q 81. Ke3 0-1

[Event "Indywidualne Mistrzostwa Polski Juniorow Mlodszych do 14 lat OOM Podlaskie 2015 "]
[Site "Suwalki"]
[Date "1899-12-30"]
[Round "3.14"]
[White "Miszkielo, Bartosz"]
[Black "Jarzebowski, Kacper"]
[Result "1-0"]
[WhiteTitle "I"]
[BlackTitle "I"]
[WhiteElo "1823"]
[BlackElo "1660"]

1. e4 c5 2. Nf3 a6 3. d4 cxd4 4. Nxd4 Nf6 5. Nc3 e5 6. Nf3 Bb4 7. Bc4 Qc7 8. Qd3
b5 9. Bb3 Bb7 10. O-O Bxc3 11. bxc3 O-O 12. Ba3 Bxe4 13. Qd1 Bxf3 14. Qxf3 e4
15. Qe2 Re8 16. Bb2 d5 17. Rfd1 Qc6 18. g4 h6 19. h4 Rd8 20. g5 Ne8 21. a4 Nc7
22. Qg4 Qe6 23. Qg3 Qc6 24. gxh6 g6 25. axb5 axb5 26. Rxa8 Nxa8 27. Qg5 Qe8 28.
Rxd5 Nd7 29. Rxd7 1-0

[Event "Indywidualne Mistrzostwa Polski Juniorow Mlodszych do 14 lat OOM Podlaskie 2015 "]
[Site "Suwalki"]
[Date "1899-12-30"]
[Round "3.15"]
[White "Poplawski, Maciej"]
[Black "Jobda, Rafal"]
[Result "1-0"]
[WhiteTitle "I"]
[BlackTitle "II"]
[WhiteElo "1737"]
[BlackElo "1640"]

1. d4 d5 2. Nf3 Nf6 3. c4 e6 4. Bg5 Be7 5. e3 h6 6. Bh4 O-O 7. Nc3 Re8 8. Rc1 Nbd7
9. Bd3 b6 10. cxd5 exd5 11. O-O Bb7 12. Qb3 Rb8 13. Bg3 a6 14. Qa4 Ra8 15. b4
Nh5 16. Be5 Nxe5 17. Nxe5 Qd6 18. Ne2 g6 19. Qc2 Rec8 20. f4 Ng7 21. Rf3 Bf6 22.
Rh3 h5 23. g4 Bxe5 24. fxe5 Qe6 25. Nf4 Qxg4+ 26. Rg3 Qd7 27. Bxg6 Kh8 28. Bxh5
Nf5 29. Bg4 1-0

[Event "Indywidualne Mistrzostwa Polski Juniorow Mlodszych do 14 lat OOM Podlaskie 2015 "]
[Site "Suwalki"]
[Date "1899-12-30"]
[Round "3.16"]
[White "Butyrowski, Marcel"]
[Black "Golenia, Jan"]
[Result "0-1"]
[WhiteTitle "II"]
[BlackTitle "I"]
[WhiteElo "1514"]
[BlackElo "1725"]

1. e4 e5 2. Nf3 Nc6 3. d4 exd4 4. Nxd4 Bc5 5. Nb3 Bb6 6. a4 a5 7. Nc3 d6 8. Bd3
Be6 9. Nd2 Nf6 10. O-O O-O 11. Nf3 h6 12. b3 Re8 13. Bb2 Bg4 14. Re1 Ne5 15. Be2
Ng6 16. h3 Bd7 17. Bc4 Bc6 18. Bd5 Qd7 19. Bxc6 Qxc6 20. Qd3 Nf4 21. Qd2 Nxe4
22. Nxe4 Rxe4 23. Rxe4 Qxe4 24. Kh2 Ng6 25. Qc3 f6 26. Re1 Qd5 27. g4 Bxf2 28.
Re2 Bc5 29. g5 hxg5 30. Rg2 Ne5 31. Nxg5 fxg5 32. Rxg5 Nf3+ 33. Kg3 Qxg5+ 0-1

[Event "Indywidualne Mistrzostwa Polski Juniorow Mlodszych do 14 lat OOM Podlaskie 2015 "]
[Site "Suwalki"]
[Date "1899-12-30"]
[Round "3.17"]
[White "Gaj, Szymon"]
[Black "Polczyk, Mikolaj"]
[Result "0-1"]
[WhiteTitle "I"]
[BlackTitle "I"]
[WhiteElo "1884"]
[BlackElo "1571"]

1. d4 Nf6 2. c4 e5 3. dxe5 Ng4 4. Bf4 g5 5. Bg3 Nc6 6. Nf3 Bg7 7. Nc3 Ngxe5 8.
Nxe5 Nxe5 9. e3 d6 10. h4 g4 11. Qb3 Be6 12. O-O-O O-O 13. h5 h6 14. Be2 f5 15.
Nd5 Nd7 16. Nf4 Bf7 17. Qc2 Qf6 18. Bh4 Qe5 19. Bd3 Nb6 20. Rhe1 Na4 21. Re2 Qa5
22. Qb1 c6 23. Bxf5 b5 24. Be6 bxc4 25. Qg6 Qe5 26. Bxf7+ Rxf7 27. Qxd6 Qb5 28.
Qg6 Nxb2 29. Rd8+ Rxd8 30. Bxd8 c3 31. Qe6 Nd3+ 32. Kc2 Qb2+ 33. Kxd3 Qb1+ 34.
Rc2 Qd1+ 35. Kc4 Qxc2 36. Qe8+ Rf8 37. Qe6+ Kh7 38. Qd6 Qa4+ 39. Qb4 Qxb4+ 40.
Kxb4 Rxd8 41. Kb3 Rd2 0-1

[Event "Indywidualne Mistrzostwa Polski Juniorow Mlodszych do 14 lat OOM Podlaskie 2015 "]
[Site "Suwalki"]
[Date "1899-12-30"]
[Round "3.18"]
[White "Fus, Jakub"]
[Black "Zolkiewski, Jakub"]
[Result "1-0"]
[WhiteTitle "II+"]
[BlackTitle "II"]
[WhiteElo "1821"]
[BlackElo "1609"]

1. Nf3 d5 2. d4 c6 3. c4 e6 4. Qc2 f5 5. g3 Nf6 6. Bg2 Bd6 7. O-O O-O 8. b3 Ne4
9. Bb2 Nd7 10. Ne5 Qc7 11. Nd3 Qd8 12. Nd2 Qg5 13. Nf3 Qe7 14. Nfe5 Qe8 15. f3
Nef6 16. Rae1 Kh8 17. Nf2 Bb4 18. Bc3 Bxc3 19. Qxc3 Nxe5 20. dxe5 Ng8 21. e4 Ne7
22. Rd1 Qf7 23. Rd2 Rd8 24. Nd1 b6 25. Ne3 Bb7 26. Rfd1 Rac8 27. Qb2 h6 28. b4
a6 29. a4 Kh7 30. b5 axb5 31. axb5 c5 32. exd5 exd5 33. f4 Ba8 34. cxd5 Kh8 35.
d6 Ng8 36. Qa2 Qxa2 37. Rxa2 Bxg2 38. Kxg2 g6 39. Nc4 Rb8 40. Ra6 Ne7 41. Rxb6
Rxb6 42. Nxb6 Nc8 43. Nxc8 Rxc8 44. d7 Rd8 45. e6 Kg8 46. e7 Rxd7 47. e8=Q+ Kg7
48. Rxd7+ Kf6 49. Qe5# 1-0

[Event "Indywidualne Mistrzostwa Polski Juniorow Mlodszych do 14 lat OOM Podlaskie 2015 "]
[Site "Suwalki"]
[Date "1899-12-30"]
[Round "3.19"]
[White "Wloch, Mikolaj"]
[Black "Stanowski, Mateusz"]
[Result "0-1"]
[WhiteTitle "I"]
[BlackTitle "II"]
[WhiteElo "1564"]
[BlackElo "1401"]

1. e4 e5 2. Nf3 Nc6 3. d4 exd4 4. Bc4 Be7 5. c3 dxc3 6. Qd5 Nh6 7. Bxh6 O-O 8.
Bc1 Nb4 9. Qh5 Nc2+ 10. Kf1 Nxa1 11. Ne5 d5 12. Bxd5 Be6 13. Nxc3 Nc2 14. Bxb7
Rb8 15. Bd5 Bxd5 16. Nxd5 Nb4 17. Qe2 Nxd5 18. Nc6 Qd6 19. Nxb8 Nf4 20. Bxf4 Qxf4
21. g3 Qd6 22. Qb5 a6 23. Qb7 c6 24. Nxc6 Qd3+ 25. Kg1 Qb1+ 26. Kg2 Qxe4+ 27.
Kg1 Bc5 28. h4 Qe1+ 29. Kg2 Qxf2+ 30. Kh3 Qf5+ 31. Kg2 Re8 32. Qxa6 Qg4 33. Qd3
Re2+ 34. Kf1 Rf2+ 35. Ke1 Qe6+ 36. Kd1 Qxc6 37. Re1 Rxb2 38. Qd8+ Bf8 39. Qd3
Qa4+ 40. Kc1 Qxa2 41. Re8 Qa1+ 0-1

[Event "Indywidualne Mistrzostwa Polski Juniorow Mlodszych do 14 lat OOM Podlaskie 2015 "]
[Site "Suwalki"]
[Date "1899-12-30"]
[Round "3.20"]
[White "Gozdzicki, Maciej"]
[Black "Laszczak, Przemyslaw"]
[Result "0-1"]
[WhiteTitle "II"]
[BlackTitle "I"]
[WhiteElo "1443"]
[BlackElo "1930"]

1. d4 d5 2. c4 c6 3. Nf3 Nf6 4. Nc3 e6 5. Bg5 Nbd7 6. e3 Qa5 7. Bh4 Bb4 8. Qc2
Ne4 9. Rc1 Qxa2 10. Bd3 Nxc3 11. bxc3 Qxc2 12. Rxc2 Bd6 13. c5 Bc7 14. Ra2 O-O
15. Bg3 Bxg3 16. hxg3 h6 17. g4 e5 18. Nxe5 Nxe5 19. dxe5 Bxg4 20. f3 Be6 21.
g4 d4 22. Rah2 dxc3 23. g5 Rfd8 24. Bc2 Rd5 25. gxh6 g6 26. f4 Rxc5 27. Rg1 Kh8
28. Rhg2 Ra5 29. f5 Ra1+ 30. Kf2 Rxg1 31. Rxg1 Bxf5 32. Bxf5 gxf5 33. Rc1 Re8
34. Rxc3 Rxe5 35. Ra3 a5 36. Rb3 b5 37. Rc3 c5 38. Rd3 Kh7 39. Rd6 c4 40. Rf6
b4 41. Rxf7+ Kxh6 42. Rd7 b3 43. Rb7 a4 44. Ke2 a3 45. Kd2 a2 46. Ra7 b2 47. Rxa2
b1=Q 48. Rc2 Rd5+ 49. Kc3 Qb3# 0-1

[Event "Indywidualne Mistrzostwa Polski Juniorow Mlodszych do 14 lat OOM Podlaskie 2015 "]
[Site "Suwalki"]
[Date "1899-12-30"]
[Round "3.21"]
[White "Banach, Jakub"]
[Black "Gorecki, Mateusz"]
[Result "0-1"]
[WhiteTitle "II"]
[BlackTitle "II"]
[WhiteElo "1392"]
[BlackElo "1529"]

1. e4 e5 2. Nf3 Nc6 3. d4 exd4 4. Nxd4 Nf6 5. Nc3 Bb4 6. Nxc6 bxc6 7. Bd3 O-O 8.
O-O d5 9. exd5 cxd5 10. Bd2 c6 11. a3 Ba5 12. Be3 Bc7 13. Bc5 Bd6 14. Bxd6 Qxd6
15. Qf3 Bg4 16. Qg3 Qxg3 17. hxg3 c5 18. f3 Be6 19. Rfe1 c4 20. Be2 Rab8 21. Rab1
Bf5 22. Rec1 Rfe8 23. g4 Bg6 24. Bf1 d4 25. Na4 Rbc8 26. Ra1 Nd5 27. b3 c3 28.
Bd3 Bxd3 29. cxd3 Re3 30. Nb2 Rce8 31. Nc4 Rxd3 32. Nd6 Re2 33. Nf5 g6 34. Ng3
Rb2 35. Ne4 Ne3 36. Nf6+ Kh8 37. Ne4 Nc2 38. Nf2 Rd2 39. Ne4 Nxa1 40. Rxa1 Rxg2+
41. Kf1 c2 42. Nc5 Rb1+ 43. Kxg2 c1=Q 44. Rxb1 Qxb1 45. b4 d3 46. Ne4 Qc2+ 47.
Kg3 d2 48. Nxd2 Qxd2 0-1

[Event "Indywidualne Mistrzostwa Polski Juniorow Mlodszych do 14 lat OOM Podlaskie 2015 "]
[Site "Suwalki"]
[Date "1899-12-30"]
[Round "3.22"]
[White "Mietkiewicz, Jacek"]
[Black "Jagura, Norbert"]
[Result "0-1"]
[WhiteTitle "II+"]
[BlackTitle "II"]
[WhiteElo "1505"]
[BlackElo "1387"]

1. d4 f5 2. c4 Nf6 3. Nc3 e6 4. Nf3 Be7 5. Bg5 d6 6. e3 O-O 7. Bd3 Nc6 8. a3 h6
9. Bh4 Nh7 10. Bxe7 Nxe7 11. O-O Nf6 12. Qe2 Ng6 13. b4 Qe7 14. Qc2 Bd7 15. e4
fxe4 16. Nxe4 Nf4 17. Ng3 Bc6 18. Be4 Nxe4 19. Nxe4 Qf7 20. Ne1 Qg6 21. f3 Bxe4
22. Qd2 Bc6 23. b5 Bd7 24. Ra2 d5 25. Qc3 a6 26. bxa6 Rxa6 27. Kh1 Ra4 28. c5
Bb5 29. Rff2 Rc4 30. Qe3 Qf6 31. Nc2 g5 32. Rd2 Ra8 33. g3 Nh5 34. Kg2 Ng7 35.
g4 Re8 36. Ne1 e5 37. dxe5 Rxe5 38. Qf2 Ne6 39. Nd3 Nf4+ 40. Nxf4 Qxf4 41. Rab2
Bc6 42. Re2 d4 43. Rxe5 Qxe5 44. Re2 Qf4 45. h3 Rc3 46. Re6 Bxf3+ 0-1

[Event "Indywidualne Mistrzostwa Polski Juniorow Mlodszych do 14 lat OOM Podlaskie 2015 "]
[Site "Suwalki"]
[Date "1899-12-30"]
[Round "3.23"]
[White "Marciniak, Piotr"]
[Black "Rak, Maciej"]
[Result "1-0"]
[WhiteTitle "III"]
[BlackTitle "II"]
[WhiteElo "1297"]
[BlackElo "1476"]

1. e4 c5 2. Nf3 a6 3. c3 d5 4. exd5 Qxd5 5. d4 Bg4 6. Be2 e6 7. Be3 cxd4 8. Qxd4
Nf6 9. Nbd2 Nc6 10. Qa4 b5 11. Qb3 Be7 12. O-O O-O 13. h3 Bh5 14. Rad1 Na5 15.
Qxd5 Nxd5 16. Nb3 Nxb3 17. axb3 b4 18. c4 Nxe3 19. fxe3 Bc5 20. Kf2 Rfd8 21. Nd4
Bxe2 22. Kxe2 Rd6 23. Nc2 Rad8 24. Rxd6 Rxd6 25. Ra1 f5 26. Ra5 Rc6 27. Nd4 Bxd4
28. exd4 Kf7 29. c5 g5 30. Kd3 h5 31. Kc4 f4 32. Kxb4 g4 33. hxg4 hxg4 34. Ra1
Kf6 35. Kc4 Rc8 36. Rxa6 Kf5 37. b4 f3 38. gxf3 g3 39. b5 g2 40. Ra1 Kf4 41. b6
Ra8 42. Rb1 Ra4+ 43. Kb5 Ra2 44. b7 Rxb2+ 45. Rxb2 g1=Q 46. b8=Q+ Kxf3 47. Rb3+
Ke2 48. Qe5+ Kd2 49. Qe3+ Qxe3 50. Rxe3 Kxe3 51. c6 Kxd4 52. c7 e5 53. c8=Q e4
54. Qc1 Kd3 55. Qe1 e3 56. Kc5 e2 57. Kd5 Ke3 58. Ke5 Kf3 59. Kd4 Kg2 60. Qxe2+
Kh1 61. Qg4 Kh2 62. Ke3 Kh1 63. Kf2 Kh2 64. Qg2# 1-0

[Event "Indywidualne Mistrzostwa Polski Juniorow Mlodszych do 14 lat OOM Podlaskie 2015 "]
[Site "Suwalki"]
[Date "1899-12-30"]
[Round "4.1"]
[White "Chylewski, Patryk"]
[Black "Wyczling, Bartosz"]
[Result "1-0"]
[WhiteTitle "I++"]
[BlackTitle "I"]
[WhiteElo "2036"]
[BlackElo "1926"]

1. d4 f5 2. g3 Nf6 3. Bg2 g6 4. Nf3 Bg7 5. b3 O-O 6. Bb2 d6 7. O-O Nc6 8. d5 Nb4
9. c4 Bd7 10. a3 Na6 11. Nc3 c6 12. Nd4 Rc8 13. Qd2 Qe8 14. e4 Nxe4 15. Nxe4 fxe4
16. Bxe4 Qf7 17. Bg2 Nc5 18. Rae1 Rc7 19. Ba1 cxd5 20. cxd5 Rfc8 21. Qe3 Bf6 22.
b4 Na4 23. Ne6 Rc4 24. Qxa7 Bxa1 25. Rxa1 Nb2 26. Bh3 Nd3 27. Qxb7 Ne5 28. f4
R8c7 29. Nxc7 Bxh3 30. fxe5 1-0

[Event "Indywidualne Mistrzostwa Polski Juniorow Mlodszych do 14 lat OOM Podlaskie 2015 "]
[Site "Suwalki"]
[Date "1899-12-30"]
[Round "4.2"]
[White "Raczynski, Krzysztof"]
[Black "Psyk, Radoslaw"]
[Result "1-0"]
[WhiteTitle "I+"]
[BlackTitle "k"]
[WhiteElo "1758"]
[BlackElo "2230"]

1. e4 e6 2. d4 d5 3. Nd2 c5 4. Ngf3 Nc6 5. exd5 exd5 6. Bb5 Bd6 7. dxc5 Bxc5 8.
O-O Nge7 9. Nb3 Bd6 10. c3 O-O 11. Bd3 Bf5 12. Nbd4 Bg6 13. Bg5 Qd7 14. Bxe7 Nxe7
15. Re1 a6 16. h3 f6 17. Nh4 Be5 18. Nxg6 hxg6 19. Nf3 Qd6 20. Qe2 Rfe8 21. Nxe5
Nc6 22. Nc4 dxc4 23. Bxc4+ Kf8 24. Qd3 Qxd3 25. Bxd3 Ne5 26. Be4 g5 27. Bxb7 Rab8
28. Bxa6 Rxb2 29. a4 Ra8 30. Bb5 Rc8 31. Rac1 Rc5 32. Red1 g4 33. c4 gxh3 34.
Rd5 Rxd5 35. cxd5 Rd2 36. gxh3 Rxd5 37. Rc7 f5 38. Kg2 f4 39. h4 Rd6 40. Rc5 Ng6
41. h5 Ne7 42. Kf3 Rd2 43. a5 Ra2 44. a6 Ng8 45. Rc8+ Ke7 46. Rxg8 Kf6 47. Kxf4
Rxf2+ 48. Ke3 Ra2 49. Rf8+ Ke7 50. Rb8 Kf6 51. Rb7 Ke5 52. a7 Ra3+ 53. Bd3 Kf6
54. Rb6+ Kg5 55. Ra6 1-0